Nghệ thuật quản trị bán hàng

Enregistré dans:
Détails bibliographiques
Auteur principal: Calvin, Robert J.
Format: Livre
Langue:Undetermined
Publié: Hà Nội Thống Kê 2004
Sujets:
Tags: Ajouter un tag
Pas de tags, Soyez le premier à ajouter un tag!
Thư viện lưu trữ: Trung tâm Học liệu Trường Đại học Cần Thơ
LEADER 00518nam a2200193Ia 4500
001 CTU_74693
008 210402s9999 xx 000 0 und d
020 |b 28000 
082 |a 658.81 
082 |b C168 
100 |a Calvin, Robert J. 
245 0 |a Nghệ thuật quản trị bán hàng 
245 0 |c Robert J. Calvin 
260 |a Hà Nội 
260 |b Thống Kê 
260 |c 2004 
650 |a Sales management 
904 |i Tuyến 
980 |a Trung tâm Học liệu Trường Đại học Cần Thơ